000 01094cam a2200265 i 4500
003 SA-RiAUC
005 20251019141638.0
008 251015n1996 mr g 00000 ara c
020 _a9981811173
040 _aSA-RiAUC
_bara
_cSA-RiAUC
_erda
082 0 4 _a210.8
090 _a210.8
_b ع ز ت
100 1 _aعزت بيجوفيتش، علي،
_d1925-2003
_eمؤلف.
245 1 0 _aعوائق النهضة الإسلامية :
_bمقالات في فكر النهضة والحركة.
_nالجزء الأول /
_cعلي عزت بيغوفيتش ؛ ترجمة حسين عمر سباهيتش.
264 1 _aالدار البيضاء :
_bمنشورات الفرقان،
_c[416 ]
300 _aمجلد ؛
_c18 سم.
336 _aنص
_btxt
_2rdacontent
_3كتاب
337 _aبدون وسيط
_bn
_2rdamedia
338 _aمجلد
_bnc
_2rdacarrier
440 0 _aسلسلة الحوار
_v25
650 7 _aالإسلام
_vمقالات ومحاضرات
_2aucsh
700 1 _aسباهيتش، حسين عمر
_eمترجم.
942 _2ddc
_cBOOK
_n0
949 _aSA-JeALM
_d251015
_umohamedma123
_n1
999 _c12606
_d12606